Test d` évaluation de français: Exercices d` entrainement. Tests blancs

Spremljeno u:
Bibliografski detalji
Format: Knjiga
Jezik:Undetermined
Izdano: París, Francia Hachette Livre 2001
Teme:
Oznake: Dodaj oznaku
Bez oznaka, Budi prvi tko označuje ovaj zapis!

MARC

LEADER 00000nam a2200000Ia 4500
008 170316s9999 xx 000 0 und d
090 |a 415-F T-3t 
245 |a Test d` évaluation de français: Exercices d` entrainement. Tests blancs 
260 |a París, Francia 
260 |b Hachette Livre 
260 |c 2001 
300 |a 127 páginas 
650 |a GRAMÁTICA FRANCESA 
650 |a COMPRENSIÓN ESCRITA 
650 |a COMPRENSIÓN ORAL 
999 |c 19257  |d 19257 
040 |a cru BVZT 
942 |c 15 D  |h 415-F T-3t  |2 z